| 000 | 00678nam a2200241 a 4500 | ||
|---|---|---|---|
| 003 | AR-BaBNM | ||
| 005 | 20251128205317.0 | ||
| 008 | 082120s2002 ||||||||||||||000 | spa|| | ||
| 020 | _a987-9018-34-6 | ||
| 040 | _cAR-BaBNM | ||
| 100 | 1 | _aKipersain, Paloma | |
| 245 | 0 | 0 |
_aInicial _bplanificación por proyectos en la institución |
| 260 |
_aBuenos Aires _bEdiciones Independencia _c[1996] |
||
| 300 |
_a188 p. _bil. |
||
| 650 | 4 | _aPLANIFICACION ESCOLAR | |
| 650 | 4 | _aPROYECTOS MODELO | |
| 653 | _aNIVEL INICIAL | ||
| 653 | _aINSTITUCIONES EDUCATIVAS | ||
| 653 | _aLEY FEDERAL DE EDUCACION | ||
| 653 | _aCONTENIDOS BASICOS COMUNES | ||
| 942 | _cBK | ||
| 998 | _cCARMEN | ||
| 999 |
_c10870 _d10870 |
||